000 00972cam a22002777a 4500
001 14620611
005 20250221125101.0
008 061102s2006 enka bf 001 0 eng d
020 _a9780198566090
050 0 0 _aRD82.2
_b.O96 2006
082 0 4 _a617.96
_222
245 0 0 _aOxford handbook of anaesthesia /
_cedited by Keith G. Allman and Iain H. Wilson.
250 _a2nd ed.
260 _aOxford ;
_aNew York :
_bOxford University Press,
_c2006.
300 _axxiv, 1203 p. :
_bill. ;
_c19 cm.
440 0 _aOxford handbooks
440 0 _aOxford medical publications
650 0 _aAnesthesia
_vHandbooks, manuals, etc.
650 1 2 _aAnesthesia
_xmethods
_vHandbooks.
650 2 2 _aAnesthetics
_vHandbooks.
650 2 2 _aSurgical Procedures, Operative
_vHandbooks.
700 1 _aAllman, Keith G.
700 1 _aWilson, Iain H.
_cDr.
856 4 1 _3Table of contents only
_uhttp://www.loc.gov/catdir/enhancements/fy0627/2006285453-t.html
942 _2lcc
_cBK
_e2nd ed.
_n0
999 _c4038
_d4038